Tennisti numeri 1 al mondo - Morte Improvvisa - Statistics

Statistiche generali
  • Questo quiz è stato fatto 638 volte
  • Il punteggio medio è 7 su 20
Answers on the Grid
Answers color-coded by a green-red scale on the quiz's grid according to % correct below.
L. Hewitt
G. Ivanisevic
M. Rios
B. Borg
J. Connors
J. Newcombe
A. Ashe
M. Safin
T. Muster
A. Zverev
S. Bruguera
N. Djokovic
I. Năstase
J. Sinner
G. Kuerten
R. Federer
C. Alcaraz
P. Cash
P. Sampras
R. Laver
M. Stich
G. Vilas
P. Rafter
R. Nadal
J. M. Del Potro
A. Medvedev
J. McEnroe
J. Courier
D. Nalbandian
D. Medvedev
R. Krajicek
C. Moya
 
Statistiche sulle risposte
Risposta % Corretto
N. Djokovic
76%
R. Federer
71%
J. Sinner
69%
B. Borg
65%
C. Alcaraz
65%
R. Nadal
63%
P. Sampras
45%
J. Connors
41%
J. McEnroe
39%
L. Hewitt
39%
D. Medvedev
28%
M. Safin
20%
M. Rios
17%
I. Năstase
16%
J. Courier
14%
G. Kuerten
13%
C. Moya
12%
T. Muster
11%
J. Newcombe
8%
P. Rafter
5%
Nessun quiz corrispondente trovato
Distribuzione punteggi
Percentuale di utenti per punteggio
Percentile per numero di risposta
I tuoi punteggi nel tempo
Non hai fatto questo quiz